Statistics for Mrs browns boys characters

Click here to take the quiz!

General Stats

  • This quiz has been taken 142 times
  • The average score is 13 of 17

Answer Stats

HintAnswer% Correct
the main charactermrs brown
98%
the only daughtercathy
97%
the gay sonrory
93%
the son who always dresses updermot
90%
the eldest childmark
90%
the 'theif'buster
85%
always pretends to be deadgrandad
84%
mrs browns best friendwinnie
83%
the nursemaria
79%
mrs browns grandsonbono
78%
the gay son-in-lawdino
71%
barmaidsharon
71%
the youngest childtrevor
67%
3rd tripletringo
56%
1st tripletjohn
54%
2nd tripletgeorge
50%
the snobhilary
46%

Score Distribution

Percentile by Number Answered

Percent of People with Each Score

Your Score History

You have not taken this quiz